| 000 | 00761nam a22002051 4500 | ||
|---|---|---|---|
| 001 | 105243 | ||
| 003 | ES-MaACL | ||
| 005 | 20260127062535.0 | ||
| 007 | t| | ||
| 008 | 060620s1916 sp ||||0| spa d | ||
| 016 | 7 | _zIND9200524041 | |
| 040 |
_aM-BN _bspa _cA2 |
||
| 100 | 1 |
_aLópez Núñez, Alvaro. _973832 |
|
| 245 | 1 | 0 |
_aConferencia del Ilmo. Señor D. Alvaro Lopez Nuñez, pronunciada en la sesión pública de 26 de abril de 1916 _b: [Tema: De los derechos del sordomudo]. |
| 260 |
_aMadrid : _bReal Academia de Jurisprudencia y Legislación, _c1916 ( _fTip. de Jaime Ratés) |
||
| 300 |
_a32 p ; _c22 cm. |
||
| 700 |
_aReal Academia de Jurisprudencia y Legislación de España _9217612 |
||
| 852 |
_aES-MaACL _j1863-F-26 |
||
| 999 |
_c105243 _d105243 |
||